000 00594nam a2200205Ia 4500
005 20250923145854.0
008 008 250917s9999 xx 000 0 eng d
037 _aTextual
040 _aDSWL
_beng
_cDSWL
041 _aeng
_2eng
084 _aY2:3.251, N89
_qDSWL
100 _aRaina, J.L.
_9839804
245 0 _aStructural and functional changes in the joint family relation
_c by J.L. Raina
260 _aNew Delhi
_bConcept
_c1989
300 _aviii,200p.
365 _aINR
_b140.00
925 _g140.00
942 _cTEXL
_hY2:3.251, N89
999 _c1456758
_d1456758